| 000 | 00893cam a2200265 4500 | ||
|---|---|---|---|
| 001 | D15447 | ||
| 008 | 090401t1983 xxu||||| |||| 00| 0 eng d | ||
| 035 | _a(Sirsi) u22903 | ||
| 041 | _aeng | ||
| 050 |
_a690.2 _c18 |
||
| 090 | _aRICS 1983/37ABC | ||
| 110 |
_aRoyal Institution of Chartered Surveyors _94900 |
||
| 245 | _aGuidance note on structural surveys of commercial and industrial property | ||
| 260 |
_aLondon _bSurveyors` Publications _c1983 |
||
| 300 |
_a11p. _c21cm |
||
| 350 | _a0 | ||
| 490 | _aRICS Guidance Note | ||
| 520 | _aSuperseded by second edition "Building surveys and inspections of commercial and industrial property : a guidance note" (ISBN 0854068244). | ||
| 650 | _aPROPERTY-COMMERCIAL PROPERTY | ||
| 650 | _aINDUSTRIAL PROPERTY | ||
| 650 | _aSTRUCTURAL SURVEYS | ||
| 690 | _aBUILT ENVIRONMENT-BUILDING INSPECTION | ||
| 942 | _n0 | ||
| 948 | _c04/03/1997 | ||
| 999 |
_c88273 _d88273 |
||